[Event "Sparkassen-Open B"]
[Site "Heusenstamm, Martinsee"]
[Date "2023.11.24"]
[Round "2.9"]
[White "Hübner, Kai"]
[Black "Fettig, Konrad"]
[Result "0-1"]
[WhiteElo "1608"]
[BlackElo "1496"]
[PlyCount "118"]
[EventDate "2023.??.??"]
[WhiteTeam "SC Flörsheim 1921"]
[BlackTeam "SC ML Kastellaun"]

1. d4 Nf6 2. Bf4 d5 3. e3 e6 4. Nf3 Bd6 5. Bg3 c5 6. Nbd2 Nc6 7. c3 O-O 8. Bd3 cxd4 9. exd4 Re8 10. Ne5 Qc7 11. Ndf3 Nd7 12. Bxh7+ Kxh7 13. Ng5+ Kg8 14. Qh5 Nf6 15. Qe2 Bxe5 16. dxe5 Ne4 17. Nxe4 dxe4 18. Qxe4 b6 19. h4 Bb7 20. Qg4 Ne7 21. O-O Qc6 22. f3 Nf5 23. Bf4 Qc5+ 24. Kh2 Ne3 25. Bxe3 Qxe3 26. Qg3 Rad8 27. h5 Rd5 28. Rae1 Qh6 29. Qg4 g6 30. Kg3 Qxh5 31. Qxh5 gxh5 32. Rh1 Kg7 33. Rxh5 Rh8 34. Rg5+ Kf8 35. c4 Rd2 36. b4 Rg8 37. Rxg8+ Kxg8 38. a3 Kf8 39. Rc1 Ra2 40. Rc3 Re2 41. c5 Rxe5 42. c6 Bc8 43. Kf4 Rd5 44. g4 Ke7 45. Ke4 Kd8 46. f4 Kc7 47. g5 Ba6 48. a4 b5 49. a5 Bc8 50. Rc2 a6 51. Rc3 Kd6 52. Rc2 Rd1 53. Rb2 Re1+ 54. Kf3 Rc1 55. Ke4 Rxc6 56. Rd2+ Ke7 57. Ke5 Rc4 58. f5 exf5 59. Re2 Re4+ 0-1

[Event "Sparkassen-Open B"]
[Site "Heusenstamm, Martinsee"]
[Date "2023.11.24"]
[Round "2.10"]
[White "Fernandez Garcia, Alfonso Javier"]
[Black "Weidemann, Max"]
[Result "0-1"]
[WhiteElo "1600"]
[BlackElo "1488"]
[PlyCount "86"]
[EventDate "2023.??.??"]
[WhiteTeam "SV 1926 Neu-Isenburg"]
[BlackTeam "Vorw.Orient Mainz"]

1. e4 e5 2. Nf3 Nc6 3. Bb5 a6 4. Ba4 Nf6 5. d3 b5 6. Bb3 Bc5 7. c3 d6 8. h3 h6 9. O-O O-O 10. Nbd2 Bb6 11. Re1 Ne7 12. Nf1 Ng6 13. Ng3 Re8 14. a4 Rb8 15. axb5 axb5 16. d4 Bb7 17. Qd3 d5 18. exd5 Bxd5 19. Qd1 Bxb3 20. Qxb3 exd4 21. Rd1 d3 22. Qa2 Ne4 23. Nxe4 Rxe4 24. Bd2 Re2 25. Rf1 Nh4 26. Nxh4 Qxh4 27. Rad1 Rxf2 28. Kh1 Re8 29. Qd5 Qe4 30. Qxe4 Rxe4 31. Rxf2 Bxf2 32. b3 c5 33. Kh2 c4 34. b4 Re2 35. Kh1 Kf8 36. Kh2 Ke7 37. Kh1 Kf6 38. Kh2 Ke5 39. Kh1 Ke4 40. Kh2 Be3 41. Be1 d2 42. Bg3 Kd3 43. Be5 Re1 0-1

[Event "Sparkassen-Open B"]
[Site "Heusenstamm, Martinsee"]
[Date "2023.11.24"]
[Round "2.11"]
[White "Glavev, Danail"]
[Black "Lopez Fuertes, Victor"]
[Result "1-0"]
[WhiteElo "1361"]
[BlackElo "1614"]
[PlyCount "65"]
[EventDate "2023.??.??"]
[WhiteTeam "SK Bad Homburg 1927"]
[BlackTeam "SC 1910 Höchst"]

1. e4 b6 2. d4 Bb7 3. Bd3 e6 4. Nf3 Nf6 5. Nc3 Bb4 6. Qe2 d5 7. e5 Ne4 8. Bd2 Nxd2 9. Nxd2 a6 10. h4 Nd7 11. h5 h6 12. f4 c5 13. Qg4 Kf8 14. dxc5 Nxc5 15. O-O Nxd3 16. cxd3 Kg8 17. f5 Qg5 18. Qxb4 Qxd2 19. Qxb6 Kh7 20. Rf2 Qxd3 21. Qxb7 Rhb8 22. Qxf7 Rxb2 23. Rxb2 Qxc3 24. Rab1 Qd4+ 25. Kh1 Qh4+ 26. Kg1 Qd4+ 27. Rf2 Qd3 28. Rbf1 exf5 29. Qxf5+ Qxf5 30. Rxf5 Re8 31. Re1 Re7 32. e6 d4 33. Rd5 1-0

[Event "Sparkassen-Open B"]
[Site "Heusenstamm, Martinsee"]
[Date "2023.11.24"]
[Round "2.12"]
[White "de la Chevallerie, Gilbert"]
[Black "Hensel, Roman"]
[Result "0-1"]
[WhiteElo "1552"]
[BlackElo "1474"]
[PlyCount "66"]
[EventDate "2023.??.??"]
[WhiteTeam "SV 1920 Hofheim"]
[BlackTeam "SV Oberursel"]

1. c4 c6 2. e3 d5 3. Nf3 Nf6 4. Nc3 Bf5 5. cxd5 Nxd5 6. Qb3 Qb6 7. Nxd5 Qxb3 8. Nc7+ Kd8 9. axb3 Kxc7 10. Bc4 f6 11. Nd4 Bd7 12. Ne6+ Kc8 13. b4 b5 14. Bb3 Bxe6 15. Bxe6+ Kb7 16. d4 Na6 17. Bd2 Nc7 18. Bg4 h5 19. Bf3 e6 20. O-O Nd5 21. Rfc1 Rc8 22. Ra5 a6 23. e4 Bxb4 24. Bxb4 Nxb4 25. e5 fxe5 26. Re1 exd4 27. Rxe6 Rhe8 28. Rxe8 Rxe8 29. Ra1 h4 30. Kf1 Kb6 31. Re1 Rxe1+ 32. Kxe1 Nd3+ 33. Kd2 Nxb2 0-1

[Event "Sparkassen-Open B"]
[Site "Heusenstamm, Martinsee"]
[Date "2023.11.24"]
[Round "2.13"]
[White "Joshi, Kanad"]
[Black "Köberl, Christiane"]
[Result "0-1"]
[WhiteElo "1412"]
[BlackElo "1496"]
[PlyCount "44"]
[EventDate "2023.??.??"]
[WhiteTeam "SV Oberursel"]
[BlackTeam "SK Klingenberg"]

1. e4 d6 2. d4 g6 3. Nf3 Bg7 4. Be3 c5 5. c3 Nf6 6. Qc2 Nbd7 7. h3 a6 8. Nbd2 b5 9. Be2 Bb7 10. d5 O-O 11. c4 bxc4 12. Bxc4 Nb6 13. Bb3 a5 14. a3 Ba6 15. Nc4 a4 16. Ba2 Nfd7 17. Rb1 Kh8 18. Nfd2 Rb8 19. Na5 Ne5 20. Ndc4 Nbxc4 21. Bxc4 Qxa5+ 22. Bd2 Qb6 0-1

[Event "Sparkassen-Open B"]
[Site "Heusenstamm, Martinsee"]
[Date "2023.11.24"]
[Round "2.14"]
[White "Gräßer, Malte"]
[Black "Weigand, Björn"]
[Result "1-0"]
[WhiteElo "1462"]
[BlackElo "1389"]
[PlyCount "59"]
[EventDate "2023.??.??"]
[WhiteTeam "Sfr.Heidesheim"]
[BlackTeam "SV Frankfurt Nord 1926"]

1. e4 d6 2. d4 Nf6 3. Nc3 g6 4. Nf3 Bg7 5. Bc4 O-O 6. Qe2 Bg4 7. h3 Bxf3 8. Qxf3 Nc6 9. Be3 e5 10. d5 Ne7 11. Rd1 Ne8 12. Qe2 f5 13. g4 f4 14. Bd2 c6 15. dxc6+ Nd5 16. Bxd5+ Kh8 17. cxb7 Rb8 18. a4 Nf6 19. Bc6 a6 20. Qxa6 Qe7 21. a5 g5 22. Qb5 Ne8 23. Nd5 Qf7 24. a6 Nc7 25. Nxc7 Qxc7 26. a7 Rxb7 27. Qxb7 Qxb7 28. Bxb7 Bh6 29. a8=Q Rxa8 30. Bxa8 1-0

[Event "Sparkassen-Open B"]
[Site "Heusenstamm, Martinsee"]
[Date "2023.11.24"]
[Round "2.15"]
[White "Pishnograev, Ilya"]
[Black "Fritsch, Reinhold"]
[Result "1-0"]
[WhiteElo "1300"]
[BlackElo "1580"]
[PlyCount "59"]
[EventDate "2023.??.??"]
[WhiteTeam "SK Bad Homburg 1927"]
[BlackTeam "SC Somborn 1933"]

1. e4 c5 2. Nf3 d6 3. d4 cxd4 4. Nxd4 Nf6 5. Nc3 a6 6. f3 Nc6 7. Nxc6 bxc6 8. Be3 e6 9. Qd2 Be7 10. O-O-O Qc7 11. g4 a5 12. h4 Ba6 13. h5 Bxf1 14. Rdxf1 a4 15. g5 Nd7 16. g6 f6 17. h6 Bf8 18. hxg7 Bxg7 19. Rxh7 Ne5 20. Rxh8+ Bxh8 21. Qg2 Nc4 22. Bh6 Bg7 23. Rh1 Bxh6+ 24. Rxh6 O-O-O 25. g7 Rg8 26. Rh8 Qf7 27. Rxg8+ Qxg8 28. Qg6 Ne5 29. Qxf6 Nd7 30. Qh6 1-0

[Event "Sparkassen-Open B"]
[Site "Heusenstamm, Martinsee"]
[Date "2023.11.24"]
[Round "2.16"]
[White "Ghaznavi, Massoud"]
[Black "Plaumann, Finja"]
[Result "1-0"]
[WhiteElo "1563"]
[BlackElo "1260"]
[PlyCount "57"]
[EventDate "2023.??.??"]
[WhiteTeam "SV Oberursel"]
[BlackTeam "Sfr.Heidesheim"]

1. d4 e6 2. e4 d5 3. e5 c5 4. Nf3 Nc6 5. Bb5 Qb6 6. Nc3 c4 7. a3 Bd7 8. O-O g6 9. Be3 Bh6 10. Rb1 a6 11. Bxc6 Bxc6 12. Qd2 Bxe3 13. Qxe3 Ne7 14. Ne2 Nf5 15. Qd2 Qd8 16. c3 b5 17. g3 a5 18. Nf4 Rb8 19. b4 cxb3 20. Rxb3 Qe7 21. Nd3 O-O 22. Nc5 f6 23. exf6 Rxf6 24. Ne5 Nd6 25. Nxc6 Qf8 26. Nxb8 Nc4 27. Qe2 Qh6 28. Nbd7 Rf5 29. Qxe6+ 1-0

[Event "Sparkassen-Open B"]
[Site "Heusenstamm, Martinsee"]
[Date "2023.11.24"]
[Round "2.17"]
[White "Burow, Roger"]
[Black "Grimm, Benjamin"]
[Result "1-0"]
[WhiteElo "1570"]
[BlackElo "1198"]
[PlyCount "69"]
[EventDate "2023.??.??"]
[WhiteTeam "SV 1920 Kelsterbach"]
[BlackTeam "Godesberger SK 1929 e. V"]

1. e4 c5 2. Nf3 d6 3. Bc4 Nf6 4. Nc3 a6 5. a4 e6 6. e5 d5 7. exf6 dxc4 8. fxg7 Bxg7 9. Qe2 Nc6 10. Qxc4 Nd4 11. Nxd4 Qxd4 12. Qxd4 cxd4 13. Ne4 O-O 14. O-O Bd7 15. Nd6 Bc6 16. d3 Be5 17. Nc4 Bc7 18. b3 b5 19. Nb2 h5 20. Bg5 Kh7 21. Bf6 Rg8 22. f3 e5 23. Rf2 Rg6 24. Bh4 Rag8 25. axb5 Bxf3 26. Rxf3 Rxg2+ 27. Kh1 Rxc2 28. Rxf7+ Kh6 29. Rf6+ Kh7 30. Nd1 e4 31. Rf7+ Kh6 32. Rxc7 Rxc7 33. dxe4 axb5 34. Bg3 d3 35. Bxc7 1-0

[Event "Sparkassen-Open B"]
[Site "Heusenstamm, Martinsee"]
[Date "2023.11.24"]
[Round "2.18"]
[White "Niesel, Markus"]
[Black "Barsov, Mikhail"]
[Result "0-1"]
[WhiteElo "1186"]
[BlackElo "1405"]
[PlyCount "58"]
[EventDate "2023.??.??"]
[WhiteTeam "SV 1934 Ffm-Griesheim"]
[BlackTeam "SK Gräfelfing"]

1. e4 c5 2. Bc4 e6 3. c3 d5 4. exd5 exd5 5. Be2 Nf6 6. d3 Nc6 7. Bf4 Be7 8. Nf3 O-O 9. Nbd2 Re8 10. O-O Nh5 11. Be5 Nxe5 12. Nxe5 Nf4 13. d4 Nxe2+ 14. Qxe2 Bf6 15. f4 b6 16. Rf2 Bb7 17. Ndf3 Rc8 18. Rd1 cxd4 19. Nxd4 Be7 20. g4 Bh4 21. Rg2 f6 22. g5 fxe5 23. Nf5 exf4 24. Qh5 f3 25. Rg4 f2+ 26. Kg2 Re1 27. Rxh4 f1=Q+ 28. Kg3 Qc7+ 29. Kg4 Qcf4# 0-1

[Event "Sparkassen-Open B"]
[Site "Heusenstamm, Martinsee"]
[Date "2023.11.24"]
[Round "2.19"]
[White "Müller, Jens"]
[Black "Chiokadze, Barbare"]
[Result "1/2-1/2"]
[WhiteElo "1497"]
[BlackElo "1151"]
[PlyCount "74"]
[EventDate "2023.??.??"]
[WhiteTeam "SV 1920 Hofheim"]
[BlackTeam "Wachtang Qarseladze"]

1. e4 c6 2. Nc3 d5 3. Qf3 d4 4. Bc4 e6 5. Nce2 Nd7 6. Qg3 Nc5 7. d3 a5 8. a4 h6 9. Nf3 Nf6 10. Nexd4 Nh5 11. Qe5 Nf6 12. Qg3 Nh5 13. Qh4 Nf6 14. e5 Nd5 15. Qg3 Ne7 16. O-O Ng6 17. h4 Bd7 18. h5 Ne7 19. Nb3 Nf5 20. Qg4 b5 21. axb5 cxb5 22. Nxc5 Bxc5 23. Ba2 O-O 24. d4 Bb6 25. c3 b4 26. Bd2 Bb5 27. Rfe1 bxc3 28. bxc3 Kh8 29. Rab1 Bd3 30. Rb2 a4 31. Bb1 a3 32. Ra2 Bc4 33. Ra1 Qd7 34. Ba2 Bd3 35. Bb1 Bc4 36. Ba2 Bd3 37. Bb1 Bc4 1/2-1/2

[Event "Sparkassen-Open B"]
[Site "Heusenstamm, Martinsee"]
[Date "2023.11.24"]
[Round "2.20"]
[White "Homfeldt, Maren"]
[Black "Herdt, Werner"]
[Result "1/2-1/2"]
[WhiteElo "1076"]
[BlackElo "1421"]
[PlyCount "23"]
[EventDate "2023.??.??"]
[WhiteTeam "SC Noris-Tarrasch Nürnberg 1873"]
[BlackTeam "SF Heusenstamm"]

1. g3 d5 2. e3 Nf6 3. Bg2 Bf5 4. h3 e5 5. d3 e4 6. d4 c5 7. Ne2 Nc6 8. c3 Bd6 9. a3 a5 10. Nd2 Be6 11. Nb3 b6 12. a4 1/2-1/2

[Event "Sparkassen-Open B"]
[Site "Heusenstamm, Martinsee"]
[Date "2023.11.24"]
[Round "2.23"]
[White "Bardorz, Christoph"]
[Black "Maibaum, Harry"]
[Result "1/2-1/2"]
[WhiteElo "1713"]
[BlackElo "1450"]
[PlyCount "90"]
[EventDate "2023.??.??"]
[WhiteTeam "TSV 1869 Rottendorf"]
[BlackTeam "Sfr.Heimersheim"]

1. e4 c5 2. Nc3 Nc6 3. g3 g6 4. Bg2 Bg7 5. d3 d6 6. f4 e6 7. Nf3 Nge7 8. O-O O-O 9. Be3 Rb8 10. a3 b5 11. Rb1 a5 12. Ne2 Bd7 13. c3 Qc7 14. d4 cxd4 15. cxd4 d5 16. e5 f6 17. Rc1 Rfc8 18. g4 Qd8 19. Rc2 b4 20. Nc1 bxa3 21. bxa3 a4 22. Nd2 Na5 23. Rf2 Rxc2 24. Qxc2 Rc8 25. Qb2 Rb8 26. Qc2 Qc8 27. Qxc8+ Rxc8 28. Na2 f5 29. g5 Bf8 30. Bf1 Nec6 31. Nb1 Rb8 32. Bd3 Nc4 33. Bc1 N6a5 34. Rc2 Rxb1 35. Rxc4 Nxc4 36. Bxb1 Bxa3 37. Kf2 Bxc1 38. Nxc1 a3 39. Ke2 Bb5 40. Kd1 Ba4+ 41. Ke2 Kg7 42. Kd3 h6 43. h4 hxg5 44. hxg5 Kf7 45. Ba2 Bb5 1/2-1/2

[Event "Sparkassen-Open B"]
[Site "Heusenstamm, Martinsee"]
[Date "2023.11.24"]
[Round "2.24"]
[White "Moldenhauer, Nils"]
[Black "Bauer, Ottmar"]
[Result "1/2-1/2"]
[WhiteElo "1453"]
[BlackElo "1713"]
[PlyCount "90"]
[EventDate "2023.??.??"]
[WhiteTeam "SV Oberursel"]
[BlackTeam "TSV 1869 Rottendorf"]

1. e4 c6 2. d4 d5 3. Nd2 dxe4 4. Nxe4 Nf6 5. Nxf6+ gxf6 6. c3 Bf5 7. Nf3 e6 8. g3 Nd7 9. Bg2 Bg7 10. O-O Bg4 11. Be3 h5 12. h4 Qa5 13. Qc2 Nb6 14. Rfe1 Qf5 15. Qxf5 Bxf5 16. Nd2 Nd5 17. Ne4 Bxe4 18. Bxe4 Nxe3 19. Rxe3 O-O-O 20. Rd1 f5 21. Bc2 Rhg8 22. Kh2 f4 23. Re4 fxg3+ 24. fxg3 Rd6 25. Bb3 Kd7 26. Rde1 Bh8 27. Bd1 Rd5 28. Rf1 f5 29. Re3 c5 30. Bb3 Rd6 31. dxc5 Rd2+ 32. Kg1 Rg6 33. Rf2 Rxf2 34. Kxf2 e5 35. Bd5 Kc7 36. c4 e4 37. Rb3 b6 38. c6 Bd4+ 39. Ke2 f4 40. gxf4 Rg2+ 41. Ke1 Rg4 42. Bxe4 Rxf4 43. Bf3 Bf6 44. Bxh5 Rxc4 45. Bf3 Bxh4+ 1/2-1/2

[Event "Sparkassen-Open B"]
[Site "Heusenstamm, Martinsee"]
[Date "2023.11.24"]
[Round "2.25"]
[White "Dick, Markus"]
[Black "Steinke, Hans-Jörg"]
[Result "0-1"]
[WhiteElo "1408"]
[BlackElo "1701"]
[PlyCount "34"]
[EventDate "2023.??.??"]
[WhiteTeam "SV 1934 Ffm-Griesheim"]
[BlackTeam "SV Erkenschwick 1923 e"]

1. e4 e6 2. d4 d5 3. Nc3 dxe4 4. Nxe4 Nd7 5. Nf3 Ngf6 6. Bg5 Be7 7. Nxf6+ Bxf6 8. Bxf6 Qxf6 9. Bd3 O-O 10. Qd2 c5 11. O-O-O cxd4 12. Nxd4 Nc5 13. Bf1 Ne4 14. Qe3 Nxf2 15. Bd3 Nxh1 16. Rxh1 e5 17. Qe4 Qh6+ 0-1

[Event "Sparkassen-Open B"]
[Site "Heusenstamm, Martinsee"]
[Date "2023.11.24"]
[Round "2.26"]
[White "Reinhold, Günther"]
[Black "Rempe, Lennik"]
[Result "1-0"]
[WhiteElo "1665"]
[BlackElo "1321"]
[PlyCount "44"]
[EventDate "2023.??.??"]
[WhiteTeam "Sabt Frankfurter TV 1860"]
[BlackTeam "SK Doppelbauer Kiel von 1910 e.V"]

1. e4 e5 2. Nf3 Nc6 3. Bc4 Nf6 4. d3 Be7 5. O-O d6 6. Re1 Na5 7. Bb3 Nxb3 8. axb3 O-O 9. Nbd2 Bg4 10. h3 Bh5 11. Nf1 Bg6 12. Ng3 Nh5 13. Be3 Nxg3 14. fxg3 f5 15. exf5 Bxf5 16. Qd2 e4 17. Nd4 exd3 18. Nxf5 Rxf5 19. Qxd3 Re5 20. Bf4 Rxe1+ 21. Rxe1 Bg5 22. Qd5+ Kh8 1-0

[Event "Sparkassen-Open B"]
[Site "Heusenstamm, Martinsee"]
[Date "2023.11.24"]
[Round "2.27"]
[White "Moissl, Felix"]
[Black "Kupke, Jonas"]
[Result "0-1"]
[WhiteElo "1404"]
[BlackElo "1438"]
[PlyCount "44"]
[EventDate "2023.??.??"]
[WhiteTeam "SJ Herborn 1998"]
[BlackTeam "Wiesbadener SV 1885"]

1. e4 c5 2. Nf3 g6 3. Bc4 Nc6 4. O-O Bg7 5. d3 e6 6. c3 Nge7 7. Be3 b6 8. d4 cxd4 9. cxd4 d5 10. exd5 Nxd5 11. Nc3 Nxe3 12. fxe3 O-O 13. a3 Bb7 14. Qd3 a6 15. b4 b5 16. Bb3 Rc8 17. Rac1 Ne5 18. Nxe5 Bxe5 19. Bxe6 fxe6 20. Rxf8+ Kxf8 21. Qf1+ Bf6 22. e4 Qxd4+ 0-1

[Event "Sparkassen-Open B"]
[Site "Heusenstamm, Martinsee"]
[Date "2023.11.24"]
[Round "2.28"]
[White "Welther, Patrick"]
[Black "Wöhl, Torsten"]
[Result "1-0"]
[WhiteElo "1420"]
[BlackElo "1463"]
[PlyCount "43"]
[EventDate "2023.??.??"]
[WhiteTeam "SC 1934 Gelnhausen"]
[BlackTeam "SC Groß-Zimmern"]

1. Nf3 e6 2. g3 d5 3. Bg2 Nf6 4. b3 Be7 5. Bb2 Bd7 6. O-O O-O 7. c4 Bc6 8. d4 b5 9. c5 h6 10. Ne5 Nfd7 11. f4 Nxe5 12. fxe5 Nd7 13. Nd2 f5 14. exf6 Nxf6 15. Nf3 Ng4 16. Qd3 e5 17. Qg6 Bd7 18. Nxe5 Nxe5 19. Bxd5+ Kh8 20. dxe5 Bxc5+ 21. Kg2 Qg5 22. Qxg5 1-0

[Event "Sparkassen-Open B"]
[Site "Heusenstamm, Martinsee"]
[Date "2023.11.24"]
[Round "2.29"]
[White "Brunner, Andreas"]
[Black "Fuchs, Andreas"]
[Result "0-1"]
[WhiteElo "1414"]
[BlackElo "1609"]
[PlyCount "102"]
[EventDate "2023.??.??"]
[WhiteTeam "FV Berkersheim"]
[BlackTeam "SC Ober-Ramstadt"]

1. Nf3 Nf6 2. c4 g6 3. g3 Bg7 4. Bg2 d6 5. O-O O-O 6. d3 e5 7. Bg5 h6 8. Bxf6 Bxf6 9. e4 c6 10. Nc3 Bg4 11. b4 Qd7 12. Re1 Na6 13. Rb1 Nc7 14. Qb3 g5 15. b5 h5 16. Rb2 h4 17. a4 hxg3 18. fxg3 Kg7 19. Rf1 Be7 20. Rbf2 Ne6 21. Qb2 f6 22. h4 Kg6 23. Ne2 Nc5 24. Qc2 Bxf3 25. Rxf3 Rh8 26. Rf5 gxh4 27. d4 Ne6 28. dxe5 dxe5 29. g4 h3 30. Bf3 Rad8 31. Kh2 Qd3 32. Qc1 Qd2 33. g5 Qxc1 34. Rxc1 Nxg5 35. Rg1 Rd2 36. Rg3 Kg7 37. Rfxg5+ fxg5 38. Rxh3 Rxh3+ 39. Kxh3 cxb5 40. axb5 Rc2 41. Ng3 Kf7 42. Be2 a5 43. bxa6 bxa6 44. Nh5 Kg6 45. Ng3 Bc5 46. Bh5+ Kf6 47. Bf3 Bd4 48. Kg4 a5 49. Nf5 Rc1 50. Nd6 a4 51. Kg3 a3 0-1

[Event "Sparkassen-Open B"]
[Site "Heusenstamm, Martinsee"]
[Date "2023.11.24"]
[Round "2.32"]
[White "Baumgart, Jost"]
[Black "Klein, Raphael"]
[Result "0-1"]
[WhiteElo "1411"]
[BlackElo "1458"]
[PlyCount "88"]
[EventDate "2023.??.??"]
[WhiteTeam "SK Marburg 1931/72"]
[BlackTeam "SV 1926 Riegelsberg"]

1. e4 e5 2. Nf3 Nc6 3. Nc3 Nf6 4. d4 exd4 5. Nxd4 d5 6. exd5 Nxd5 7. Nxc6 bxc6 8. Bc4 Be6 9. O-O Nxc3 10. Qxd8+ Rxd8 11. Bxe6 Ne2+ 12. Kh1 fxe6 13. Re1 Nxc1 14. Raxc1 Kf7 15. Re3 Be7 16. Rce1 Rd6 17. c4 c5 18. g3 Bf6 19. b3 Rf8 20. f4 g6 21. R1e2 Re8 22. Kg2 e5 23. fxe5 Rde6 24. Rf2 Rxe5 25. Ref3 R8e6 26. g4 Kg7 27. h3 Re2 28. Rxf6 Rxf2+ 29. Rxf2 h6 30. Rd2 Kf6 31. Rd5 Re5 32. Rd7 Re2+ 33. Kg3 Rxa2 34. Rxc7 Rb2 35. Rc6+ Kf7 36. Rxc5 Rxb3+ 37. Kf4 Rb7 38. h4 Re7 39. Rc6 a5 40. c5 Ra7 41. Ke5 a4 42. Rf6+ Ke8 43. Rxg6 a3 44. Rg8+ Kf7 0-1

[Event "Sparkassen-Open B"]
[Site "Heusenstamm, Martinsee"]
[Date "2023.11.24"]
[Round "2.33"]
[White "Tran, Duy-Khang"]
[Black "Bengsch, Norbert"]
[Result "0-1"]
[WhiteElo "1381"]
[BlackElo "1604"]
[PlyCount "72"]
[EventDate "2023.??.??"]
[WhiteTeam "TSV 1869 Rottendorf"]
[BlackTeam "SG Donautal Tuttlingen"]

1. e4 c5 2. Nc3 e6 3. Nf3 Nc6 4. d4 cxd4 5. Nxd4 Nf6 6. Be3 Bb4 7. Qd2 Nxe4 8. Nxc6 Bxc3 9. Qxc3 Nxc3 10. Nxd8 Nd5 11. Nxf7 Kxf7 12. Bd3 Nxe3 13. fxe3 d6 14. O-O+ Ke7 15. Rf2 e5 16. Bc4 Be6 17. Bxe6 Kxe6 18. e4 Rhf8 19. Raf1 Rxf2 20. Rxf2 Rc8 21. h4 Rc4 22. Re2 d5 23. exd5+ Kxd5 24. Rd2+ Rd4 25. Rxd4+ exd4 26. Kf2 Ke4 27. Ke2 h5 28. Kd2 Kf4 29. Kd3 Kg3 30. Kxd4 Kxg2 31. Ke3 Kg3 32. Ke2 Kxh4 33. Kf2 Kg4 34. Kg2 Kf4 35. Kh3 g5 36. c4 Ke4 0-1

[Event "Sparkassen-Open B"]
[Site "Heusenstamm, Martinsee"]
[Date "2023.11.24"]
[Round "2.34"]
[White "Fettig, Michel"]
[Black "Laznik, Zeljko"]
[Result "1-0"]
[WhiteElo "1469"]
[BlackElo "1407"]
[PlyCount "79"]
[EventDate "2023.??.??"]
[WhiteTeam "SC ML Kastellaun"]
[BlackTeam "SF Heusenstamm"]

1. c4 e5 2. g3 Nc6 3. Bg2 Bc5 4. Nc3 d6 5. Na4 Bb6 6. Nxb6 axb6 7. d3 h6 8. e4 Nf6 9. Ne2 Bg4 10. O-O Qd7 11. f4 Nd4 12. Rf2 Nxe2+ 13. Rxe2 Bxe2 14. Qxe2 exf4 15. Bxf4 Qg4 16. Bf3 Qe6 17. e5 Nd7 18. Bxb7 Rd8 19. Bd5 Qe7 20. Re1 Nxe5 21. d4 Ng6 22. Qf2 Ne5 23. dxe5 O-O 24. exd6 Qd7 25. dxc7 Rc8 26. Bb7 Rxc7 27. Bxc7 Qxc7 28. Bd5 Qc5 29. Qxc5 bxc5 30. Re7 g6 31. Kf2 Kg7 32. Bxf7 Rxf7+ 33. Rxf7+ Kxf7 34. Ke3 Ke6 35. a3 Kd6 36. b4 cxb4 37. axb4 Kc6 38. Ke4 Kd6 39. c5+ Kc6 40. Ke5 1-0

[Event "Sparkassen-Open B"]
[Site "Heusenstamm, Martinsee"]
[Date "2023.11.24"]
[Round "2.36"]
[White "Matsoukas, Konstantinos"]
[Black "Heller, Holger"]
[Result "1-0"]
[WhiteElo "1205"]
[BlackElo "1547"]
[PlyCount "67"]
[EventDate "2023.??.??"]
[WhiteTeam "SAbt TuS Makkabi Ffm"]
[BlackTeam "SAbt TuS Dotzheim"]

1. e4 e5 2. Nf3 d6 3. d4 exd4 4. Nxd4 Be7 5. Nc3 Nf6 6. Bf4 Nc6 7. f3 O-O 8. Qd2 Nxd4 9. Qxd4 Be6 10. O-O-O a6 11. g4 b5 12. Kb1 c5 13. Qd2 b4 14. Nd5 Bxd5 15. exd5 a5 16. h4 a4 17. h5 b3 18. Bd3 Nxd5 19. Bxh7+ Kxh7 20. Qxd5 bxa2+ 21. Kxa2 Bf6 22. g5 a3 23. g6+ Kh8 24. b3 c4 25. h6 cxb3+ 26. cxb3 Qc7 27. Rh2 Be5 28. hxg7+ Kxg7 29. Bh6+ Kf6 30. f4 Rh8 31. fxe5+ dxe5 32. gxf7 Rxh6 33. Rxh6+ Kg7 34. Rg1+ 1-0

[Event "Sparkassen-Open B"]
[Site "Heusenstamm, Martinsee"]
[Date "2023.11.24"]
[Round "2.37"]
[White "Kluge, Joscha"]
[Black "Englert, Ann"]
[Result "1-0"]
[WhiteElo "1547"]
[BlackElo "1178"]
[PlyCount "77"]
[EventDate "2023.??.??"]
[WhiteTeam "SC Bergen-Enkheim 1922"]
[BlackTeam "TV-Großostheim 1900 e.V."]

1. e4 c5 2. Nf3 Nc6 3. d4 cxd4 4. Nxd4 g6 5. g3 Bg7 6. Nxc6 bxc6 7. Bg2 Nf6 8. O-O O-O 9. Nd2 Bb7 10. c4 e6 11. Rb1 d5 12. exd5 cxd5 13. c5 Rc8 14. b4 Qd7 15. Bb2 Qb5 16. a4 Qd7 17. b5 Qc7 18. c6 Ba8 19. Re1 a6 20. Qb3 Qb6 21. Bf3 axb5 22. axb5 Ne8 23. Ba3 Bd4 24. Rf1 Bc5 25. Bxc5 Qxc5 26. Rfe1 Qb6 27. Qa3 Nc7 28. Be2 Rb8 29. Qa4 Rbd8 30. Nb3 d4 31. Bd3 Rd5 32. Nd2 e5 33. Nc4 Qb8 34. b6 Ne6 35. b7 Bxb7 36. cxb7 Nc5 37. Qc6 Nxd3 38. Qxd5 Rd8 39. Qxd8+ 1-0

[Event "Sparkassen-Open B"]
[Site "Heusenstamm, Martinsee"]
[Date "2023.11.24"]
[Round "2.38"]
[White "Stojanoski, Stefan"]
[Black "Dietrich, Fabian"]
[Result "0-1"]
[WhiteElo "1354"]
[BlackElo "1413"]
[PlyCount "72"]
[EventDate "2023.??.??"]
[WhiteTeam "SAbt TuS Makkabi Ffm"]
[BlackTeam "SK Marburg 1931/72"]

1. e4 e5 2. Nf3 Nc6 3. Bc4 Bc5 4. d3 Nf6 5. Nc3 d6 6. h3 a6 7. Bg5 h6 8. Bh4 g5 9. Bg3 Qe7 10. Qd2 Bb4 11. a3 Ba5 12. b4 Bb6 13. O-O g4 14. hxg4 Bxg4 15. Bh4 Be6 16. Nd5 Bxd5 17. Bxd5 O-O-O 18. Rab1 Rdg8 19. a4 Rg6 20. a5 Ba7 21. b5 axb5 22. a6 Nd8 23. axb7+ Kb8 24. Qa5 c6 25. Ra1 Qxb7 26. Bb3 Rhg8 27. g3 Rxg3+ 28. Bxg3 Bb6 29. Qd2 Rxg3+ 30. Kh2 Rxf3 31. Kg2 Rf4 32. f3 Ne6 33. Rh1 Qc8 34. Qd1 Qg8+ 35. Kf1 Qg3 36. Rxh6 Qf2# 0-1

[Event "Sparkassen-Open B"]
[Site "Heusenstamm, Martinsee"]
[Date "2023.11.24"]
[Round "2.39"]
[White "Friedel, Thomas"]
[Black "Heidtkamp, Anna"]
[Result "1/2-1/2"]
[WhiteElo "1498"]
[BlackElo "1267"]
[PlyCount "103"]
[EventDate "2023.??.??"]
[WhiteTeam "SV 1946 Groß-Gerau"]
[BlackTeam "Düsseldorfer SV 1854"]

1. Nf3 Nf6 2. d4 d5 3. c4 e6 4. Nc3 Be7 5. Bf4 a6 6. e3 O-O 7. Bd3 Nbd7 8. O-O c5 9. cxd5 exd5 10. dxc5 Nxc5 11. Be2 Be6 12. Nd4 Qd7 13. Rc1 Rac8 14. f3 Rfd8 15. b4 Na4 16. Qxa4 Qxa4 17. Nxa4 Bxb4 18. Nxe6 fxe6 19. Bc7 Bd2 20. Bxd8 Bxe3+ 21. Kh1 Bxc1 22. Bxf6 gxf6 23. Bd3 Ba3 24. Nb6 Rc6 25. Rb1 Rc3 26. Rd1 Rc6 27. Nd7 Kg7 28. g3 Rd6 29. Nxf6 Kxf6 30. Bxh7 Rd8 31. Rd2 Bd6 32. Kg2 Bb8 33. Rc2 Rh8 34. Bd3 Rg8 35. Rb2 b5 36. Rc2 Rd8 37. Rc6 Rd6 38. Rc8 Ba7 39. f4 Ke7 40. h4 Rd8 41. Rc2 Kd6 42. h5 Rh8 43. Bg6 Bd4 44. g4 Be3 45. Kf3 d4 46. Be4 Rf8 47. f5 Ke7 48. Rc6 exf5 49. Bxf5 Rf6 50. Rc7+ Kd6 51. Rc8 Ke5 52. Rc5+ 1/2-1/2

[Event "Sparkassen-Open B"]
[Site "Heusenstamm, Martinsee"]
[Date "2023.11.24"]
[Round "2.40"]
[White "Samy A S, Anthoni"]
[Black "El-Lawindy, Asem"]
[Result "1/2-1/2"]
[WhiteElo "1329"]
[BlackElo "1494"]
[PlyCount "93"]
[EventDate "2023.??.??"]
[WhiteTeam "SC Eschborn 1974"]
[BlackTeam "VSG 1880 Offenbach"]

1. Nf3 d5 2. g3 Nf6 3. Bg2 Nc6 4. d4 Bf5 5. O-O h6 6. Re1 e6 7. Nbd2 Nb4 8. e4 Nxe4 9. c3 Nxd2 10. cxb4 Nxf3+ 11. Bxf3 c6 12. a3 Be7 13. g4 Bg6 14. Bf4 Bd6 15. Be5 O-O 16. Qe2 Qc7 17. Bxd6 Qxd6 18. Qe5 Qxe5 19. dxe5 a5 20. bxa5 Rxa5 21. b4 Ra7 22. Bd1 b6 23. Re2 c5 24. bxc5 bxc5 25. Bc2 Bxc2 26. Rxc2 c4 27. Kf1 Rc8 28. Ke2 d4 29. Kf3 f6 30. Ke4 fxe5 31. Kxe5 d3 32. Rc3 Kf7 33. Kd4 Rd7+ 34. Ke3 Kf6 35. Kd2 Ke5 36. Re1+ Kf4 37. h3 Kf3 38. Rxe6 Kxf2 39. Re4 Rdc7 40. h4 Kf3 41. Rd4 g6 42. g5 hxg5 43. hxg5 Rc5 44. a4 R8c6 45. Rh4 Kg3 46. Rd4 Kf3 47. Rh4 1/2-1/2